| 000 | 01200cam a22002771 4500 | ||
|---|---|---|---|
| 001 | letsdancestory00mace | ||
| 003 | CaSfIA | ||
| 005 | 20210118163800.0 | ||
| 007 | cr|||| | ||
| 008 | 750829s1955 nyua j 000 1 eng | ||
| 035 | _9(DLC) 55005170 | ||
| 856 | 4 | 1 |
_uhttp://www.archive.org/details/letsdancestory00mace _zFree eBook from the Internet Archive |
| 856 | 4 | 2 |
_uhttp://www.openlibrary.org/books/OL6174246M _zAdditional information and access via Open Library |
| 010 | _a 55005170 | ||
| 035 | _a(OCoLC)1579634 | ||
| 040 |
_aDLC _cFM _dOCoLC _dDLC _dCaSfIA |
||
| 042 | _apremarc | ||
| 050 | 0 | 0 |
_aPZ7.M1585 _bLe |
| 100 | 1 |
_aMace, Katherine Keeler, _d1921- |
|
| 245 | 1 | 0 |
_aLet's dance a story. _h[electronic resource] _cIllustrated by William D. Hayes. |
| 260 |
_aNew York, _bAbelard-Schuman _c[1955] |
||
| 300 |
_aunpaged. _billus. _c27 cm. |
||
| 942 | _cEB | ||
| 506 | _fНеобхідна авторизація на https://archive.org/ (створення облікового запису безкоштовно) | ||
| 506 | _fНеобхідна авторизація на https://openlibrary.org/ (створення облікового запису безкоштовно) | ||
| 999 |
_c518169 _d518169 |
||